Documents et méthode pour le commentaire de cartes: Géographie et Géologie

Saved in:
Bibliographic Details
Main Authors: Archambault, M (Author), Lhénaff, R (Author), Vanney, J.-R (Author)
Format: Book
Language:French
Published: París Masson et Cie, Editeurs 1968
Edition:2a. ed
Subjects:
Tags: Add Tag
No Tags, Be the first to tag this record!

MARC

LEADER 00000cam a2200000 a 4500
001 UCF9338
003 CL-VaPUC
008 131111e19680000fr |||||||||||||||||fre|d
082 0 4 |a 912  |b ARC  |2 21 
100 0 |a Archambault, M  |e author  |9 571610 
700 0 |a Lhénaff, R  |e author  |9 571611 
700 0 |a Vanney, J.-R  |e author  |9 571612 
245 1 0 |a Documents et méthode pour le commentaire de cartes: Géographie et Géologie 
250 |a 2a. ed 
300 |a t 
942 |c BK 
945 |d 20131111 15:03:00  |a dcastane 
260 |a París  |b Masson et Cie, Editeurs  |c 1968 
500 |a t.1: principes généraux 
500 |a Incluye 20 mapas o cartas geográficas 
650 0 |a Cartografía   |9 266055 
650 0 |a Geografía  |9 259346 
650 0 |a Zonas geográficas   |9 353991 
583 |a last modification  |c 20131111 15:03:00  |k Rodrigo Vera 
999 |c 353790  |d 353788